<?xml version="1.0" encoding="UTF-8"?>
<record
    xmlns:xsi="http://www.w3.org/2001/XMLSchema-instance"
    xsi:schemaLocation="http://www.loc.gov/MARC21/slim http://www.loc.gov/standards/marcxml/schema/MARC21slim.xsd"
    xmlns="http://www.loc.gov/MARC21/slim">

  <leader>01001nam1a22002651i 4500</leader>
  <controlfield tag="001">RU\INFOCOMM_322\NLR\5000095129</controlfield>
  <controlfield tag="005">20240724174015.0</controlfield>
  <datafield tag="010" ind1=" " ind2=" ">
    <subfield code="9">15000 &#x44D;&#x43A;&#x437;.</subfield>
  </datafield>
  <datafield tag="035" ind1=" " ind2=" ">
    <subfield code="a">(NLR Aleph) 009535454</subfield>
  </datafield>
  <datafield tag="090" ind1=" " ind2=" ">
    <subfield code="a">8913247</subfield>
    <subfield code="c">8913247</subfield>
  </datafield>
  <datafield tag="100" ind1=" " ind2=" ">
    <subfield code="a">20121207d1932    |||y0rusy50      ba</subfield>
  </datafield>
  <datafield tag="101" ind1="0" ind2=" ">
    <subfield code="a">ger</subfield>
  </datafield>
  <datafield tag="102" ind1=" " ind2=" ">
    <subfield code="a">RU</subfield>
  </datafield>
  <datafield tag="105" ind1=" " ind2=" ">
    <subfield code="a">y   z   |||||</subfield>
  </datafield>
  <datafield tag="200" ind1="1" ind2=" ">
    <subfield code="a">&#x88;...&#x89; Russisch f&#xFC;r deutsche Arbeiter</subfield>
    <subfield code="e">Fernunterricht</subfield>
    <subfield code="f">Zusammengestellt und bearbeitet von W. N. Klujewa</subfield>
    <subfield code="g">Red.: L. I. Basilewitsch</subfield>
  </datafield>
  <datafield tag="210" ind1=" " ind2=" ">
    <subfield code="a">Moskau</subfield>
    <subfield code="c">Verlagsgenossenschaft ausl&#xE4;ndischer Arbeiter in der UdSSR</subfield>
    <subfield code="d">1932</subfield>
    <subfield code="e">&#x41B;&#x435;&#x43D;&#x438;&#x43D;&#x433;&#x440;&#x430;&#x434;</subfield>
    <subfield code="g">&#x442;&#x438;&#x43F;. "&#x41A;&#x43E;&#x43C;&#x438;&#x43D;&#x442;&#x435;&#x440;&#x43D;"</subfield>
  </datafield>
  <datafield tag="215" ind1=" " ind2=" ">
    <subfield code="d">21&#xD7;15 &#x441;&#x43C;</subfield>
  </datafield>
  <datafield tag="300" ind1=" " ind2=" ">
    <subfield code="a">&#x41D;&#x430; 4 &#x441;. &#x43E;&#x431;&#x43B;.: "&#x420;&#x443;&#x441;&#x441;&#x43A;&#x438;&#x439; &#x44F;&#x437;&#x44B;&#x43A; &#x434;&#x43B;&#x44F; &#x43D;&#x435;&#x43C;&#x435;&#x446;&#x43A;&#x438;&#x445; &#x440;&#x430;&#x431;&#x43E;&#x447;&#x438;&#x445;"</subfield>
  </datafield>
  <datafield tag="620" ind1=" " ind2=" ">
    <subfield code="a">&#x41C;&#x43E;&#x441;&#x43A;&#x432;&#x430;</subfield>
  </datafield>
  <datafield tag="700" ind1=" " ind2="1">
    <subfield code="9">z01790</subfield>
    <subfield code="a">Kljueva</subfield>
    <subfield code="b">V. N.</subfield>
    <subfield code="f">1894-1964</subfield>
    <subfield code="g">Vera Nikolaevna</subfield>
  </datafield>
  <datafield tag="790" ind1=" " ind2="1">
    <subfield code="9">z01700</subfield>
    <subfield code="a">Klujewa</subfield>
    <subfield code="b">W. N.</subfield>
    <subfield code="4">070</subfield>
  </datafield>
  <datafield tag="801" ind1=" " ind2="1">
    <subfield code="a">RU</subfield>
    <subfield code="b">NLR</subfield>
    <subfield code="c">20121207</subfield>
  </datafield>
  <datafield tag="801" ind1=" " ind2="0">
    <subfield code="a">RU</subfield>
    <subfield code="b">INFOCOMM</subfield>
    <subfield code="g">PSBO</subfield>
  </datafield>
  <datafield tag="852" ind1=" " ind2=" ">
    <subfield code="a">NLR</subfield>
    <subfield code="j">D17/24-2</subfield>
  </datafield>
  <datafield tag="942" ind1=" " ind2=" ">
    <subfield code="c">BOOK</subfield>
  </datafield>
</record>
